000 00622nam a2200181 i 4500
001 35077
003 ES-MaACL
005 20250811063133.0
007 t|
008 030212s1935 sp ||||1| spa d
100 1 _aBorbón, Eulalia de,
_cInfanta de España,
_d1864-1958
_930355
245 1 0 _aMemorias de Eulalia de Borbón, ex Infanta de España (de 1864 a 1931) /
_ccon una introducción de Alberto Lamar Schweyer.
260 _aBarcelona :
_bJuventud,
_c[1935]
300 _a301 p., 32 lám. ;
_c22 cm.
700 1 _aLamar Schweyer, Alberto.
_969764
852 _aES-MaACL
_jA-3666
999 _c35077
_d35077